LEADER 00808nam a2200229 i 4500 001 000000342447 003 CaOOAMICUS 005 20201005123446.0 008 201005n it u000 u ita u 013 $a109297 040 $aSeMil$bita 245 10$a[Diritto canonico]. 260 $a[S.l. :$bs.n.],$c[19-?] 300 $a150 p., 24 c. ;$c29 cm. 650 4$aDiritto canonico - Manuali.$0(OLS)http://semarc/subject/403 650 4$aDispense scolastiche.$0(OLS)http://semarc/subject/526 850 $aSeMil 852 $aSeMil$W1$xVenegono$y1$m6X V 61$j221677$B233383$CSeMilBibl$Z2$F233383 $8B 961 $aOmaggio : Passoni don Cristiano 996 $6245$a[Diritto canonico]$9(OLS)http://semarc/title/198551 996 $6260$a[S.l. :$bs.n.]$9(OLS)http://semarc/publisher/29751 LEADER 00832nam a2200205 i 4500 001 000000180587 003 CaOOAMICUS 005 20090715000000.0 008 090715n it u000 u ita u 013 $a158267 040 $aSeMil$bita 245 10$aVol. 2. 300 $a384 p. 490 0 $aIl fiore dei Santi Padri, dottori e scrittori ecclesiastici 773 0 $aFrançois : de Sales $tTeotimo, ossia Trattato dell'amor di Dio.$b2. Edizione.$dAlba : Istituto Missionario Pia Società San Paolo, 1943.$g2$w()21713 830 3$aIl fiore dei Santi Padri, dottori e scrittori ecclesiastici.$0(OLS)http://semarc/title/197 850 $aSeMil 852 $aSeMil$W1$xVenegono$y1$m2S I 183/2$j131335$B131335$CSeMilBibl$Z2$F143191 $81 961 $aRecupero: Altro 996 $6245$aVol. 2$9(OLS)http://semarc/title/13458